Улучшенный генетический алгоритм локального поиска для реконструкции дефектов из сигналов магнитного поля рассеяния; Дефектоскопия; № 12

Podrobná bibliografie
Parent link:Дефектоскопия.— , 1965-.— 0130-3082
№ 12.— 2005.— С. 58-66
Hlavní autor: Венхуа Хан
Další autoři: Пейвен Ке
Jazyk:angličtina
Vydáno: 2005
Edice:Магнитные методы
Témata:
Médium: MixedMaterials Kapitola
KOHA link:https://koha.lib.tpu.ru/cgi-bin/koha/opac-detail.pl?biblionumber=428858

MARC

LEADER 00000naa2a2200000 4500
001 428858
005 20231101074857.0
035 |a (RuTPU)RU\TPU\prd\88490 
035 |a RU\TPU\prd\42075 
090 |a 428858 
100 |a 20101020a2005 k y0rusy50 ca 
101 0 |a eng 
102 |a RU 
200 1 |a Улучшенный генетический алгоритм локального поиска для реконструкции дефектов из сигналов магнитного поля рассеяния  |f Венхуа Хан, Пейвен Ке 
225 1 |a Магнитные методы 
320 |a Библиогр.: 11 назв. 
461 0 |0 (RuTPU)RU\TPU\prd\151  |x 0130-3082  |t Дефектоскопия  |d 1965- 
463 0 |0 (RuTPU)RU\TPU\prd\88484  |t № 12  |v С. 58-66  |d 2005 
610 1 |a дефекты 
610 1 |a реконструкция 
610 1 |a генетический алгоритм 
610 1 |a локальный поиск 
610 1 |a сигналы 
610 1 |a магнитное поле 
610 1 |a рассеяние 
610 1 |a сглаживающие процедуры 
610 1 |a улучшенные алгоритмы 
610 1 |a нейронные сети 
610 1 |a оптимизация 
610 1 |a обратные задачи 
610 1 |a эксперименты 
675 |a 620.179.14  |v 3 
700 0 |a Венхуа Хан 
701 0 |a Пейвен Ке 
801 1 |a RU  |b 63413507  |c 20060321  |g PSBO 
801 2 |a RU  |b 63413507  |c 20140123  |g PSBO 
942 |c BK